| 000 -ლიდერი |
| ფიქსირებული სიგრძის საკონტროლო ველი |
02136nam a22002777a 4500 |
| 003 - საკონტროლო ნომრის იდენტიფიკატორი |
| საკონტროლო ველი |
Ge_BSU |
| 005 - ბოლო ოპერაციის თარიღი და დრო |
| საკონტროლო ველი |
20230925161533.0 |
| 008 - ფიქსირებული სიგრძის მონაცემთა ელემენტები - ზოგადი ინფორმაცია |
| ფიქსირებული სიგრძის საკონტროლო ველი |
230925s2004 ge ||||| |||| 00| 0 geo d |
| 020 ## - წიგნის საერთაშორისო სტანდარტული ნომერი |
| International Standard Book Number |
999403118X |
| 041 ## - ენის კოდი |
| Language code of text/sound track or separate title |
geo |
| 080 ## - უნივერსალური ათობითი კლასიფიკაციის ინდექსი |
| Universal Decimal Classification number |
82.0(479.22)(09)+929(479.22) გ-25 |
| 245 ## - ცნობა სათაურის შესახებ |
| Title |
გახსოვდეს წასული კოლეგები = Memento collegas abitos / |
| Statement of responsibility, etc |
ივ. ჯავახიშვილის სახ. თბილ. უნ-ტი, კლასიკური ფილოლოგიის, ბიზანტინისტიკისა და ნეოგრეცისტიკის ინ-ტი ; რედ. ვალერი ასათიანი. |
| 264 ## - წარმოების, გამოცემის, დისტრიბუციის და სხვა ცნობები |
| გამოცემის, წარმოების, დისტრიბუციის... ადგილი |
თბილისი : |
| გამოცემის, წარმოების, დისტრიბუციის... სახელწოდება |
ლოგოსი, |
| გამოცემის, წარმოების, დისტრიბუციის... თარიღი |
2004. |
| 300 ## - ფიზიკური აღწერა |
| Extent |
105 გვ. : |
| Other physical details |
ფოტ. ; |
| Dimensions |
20 სმ. |
| 440 ## - სერიის ცნობა / დამატებულია ჩანაწერი - სათაური |
| International Standard Serial Number |
|
| 9 (RLIN) |
19916 |
| 490 ## - სერიის ცნობა |
| Series statement |
პროგრამა "ლოგოსი": პუბლიკაციები და ღონისძიებები კლასიკური ფილოლოგიის, ბიზანტინისტიკისა და ნეოგრეცისტიკის სფეროში |
| 500 ## - ზოგადი შენიშვნა |
| General note |
ყდა ლათ. ენაზე. |
| 653 ## - INDEX TERM--UNCONTROLLED |
| Uncontrolled term |
ქართველი ფილოლოგები |
| 653 ## - INDEX TERM--UNCONTROLLED |
| Uncontrolled term |
ცნობილ ქართველ ადამიანთა ბიოგრაფიები. |
| 700 ## - ADDED ENTRY--PERSONAL NAME |
| Personal name |
ასათიანი, ვალერი |
| Relator term |
ავტორი, რედაქტორი. |
| 9 (RLIN) |
19917 |
| 700 ## - ADDED ENTRY--PERSONAL NAME |
| Personal name |
გიორგობიანი, თინათინ |
| Relator term |
ავტორი |
| 9 (RLIN) |
19918 |
| 700 ## - ADDED ENTRY--PERSONAL NAME |
| Personal name |
გორდეზიანი, რისმაგ |
| Relator term |
ავტორი |
| 9 (RLIN) |
19919 |
| 700 ## - ADDED ENTRY--PERSONAL NAME |
| Personal name |
ჯაფარიძე, თამარ და სხვ. |
| Relator term |
ავტორი |
| 9 (RLIN) |
19920 |
| 710 ## - ADDED ENTRY--CORPORATE NAME |
| Corporate name or jurisdiction name as entry element |
ივ. ჯავახიშვილის სახ. თბილ. უნ-ტი. |
| Subordinate unit |
კლასიკური ფილოლოგიის, ბიზანტინისტიკისა და ნეოგრეცისტიკის ინ-ტი |
| 9 (RLIN) |
19921 |
| 942 ## - ADDED ENTRY ELEMENTS (KOHA) |
| Source of classification or shelving scheme |
|
| Koha item type |
წიგნი |